000 00658nam a2200217 i 4500
001 8244
003 ES-MaACL
005 20230906145420.0
007 t|
008 920424s1991 sp ||||1| spa d
020 _a84-88015-00-3
080 _a86-311.2"18/19"
080 _a86(López Pinillos,J.7 A.01)
100 1 _aLópez Pinillos, José.
_973892
245 1 4 _aLas Aguilas
_b: (de la vida del torero) /
_cJosé López Pinillos, "Parmeno" ; prólogo de Andrés Amorós.
250 _a[1ª ed.].
260 _aMadrid :
_bCalambur,
_c1991.
300 _a249 p. ;
_c21 cm.
700 1 _aAmorós, Andrés.
_921309
852 _aES-MaACL
_jL-15736
_bR.120122
999 _c8244
_d8244